Le chancelier federal dans le regime constitutionnel de la Republique Federale d'Allemagne
-д хадгалсан:
| Үндсэн зохиолч: | |
|---|---|
| Формат: | Ном |
| Хэл сонгох: | франц |
| Хэвлэсэн: |
París
Librairie Générale de Droit et de Jurisprudence
1962
|
| Цуврал: | Bibliothèque Constitutionnelle et de Science Politique, 1
|
| Нөхцлүүд: | |
| Шошгууд: |
Шошго нэмэх
Шошго байхгүй, Энэхүү баримтыг шошголох эхний хүн болох!
|
MARC
| LEADER | 00000nam a2200000 a 4500 | ||
|---|---|---|---|
| 001 | UCT9599 | ||
| 003 | CL-VaPUC | ||
| 008 | 970411e19620000FR |||||||||||||||||fre|d | ||
| 082 | 0 | 4 | |a 342.06 |b AMP |2 21 |
| 100 | 0 | |a Amphoux, Jean |e author |9 382448 | |
| 245 | 1 | 3 | |a Le chancelier federal dans le regime constitutionnel de la Republique Federale d'Allemagne |
| 300 | |a 561 p | ||
| 942 | |c BK | ||
| 945 | |d 19970411 00:00:00 |a paguirre | ||
| 260 | |a París |b Librairie Générale de Droit et de Jurisprudence |c 1962 | ||
| 650 | 7 | |a SISTEMAS POLITICOS |2 CL-VaPUC |9 382449 | |
| 650 | 0 | |a Poder ejecutivo |9 255177 | |
| 650 | 0 | |a Derecho constitucional |9 222588 | |
| 650 | 0 | |a Democracia |9 255256 | |
| 650 | 0 | |a República |9 310048 | |
| 650 | 0 | |a Parlamento |9 338611 | |
| 651 | 0 | |a Alemania |9 255688 | |
| 583 | |a last modification |c 19970411 00:00:00 |k Rodrigo Vera | ||
| 490 | 0 | |a Bibliothèque Constitutionnelle et de Science Politique, 1 | |
| 999 | |c 257982 |d 257980 | ||
| 952 | |0 0 |1 0 |4 0 |6 342_060000000000000_AMP_1962 |7 0 |8 A |9 281712 |a BIBDER |b BIBDER |d 2019-11-19 |i 1826514 |o 342.06 AMP 1962 |p 1826514 |r 2023-01-25 |w 2019-11-19 |y BK |k DER | ||